Wird geladen...
| LEADER | 00467nam a22001577a 4500 | ||
|---|---|---|---|
| 020 | |a 9789386560766 | ||
| 082 | |a 894.8124 |b RAM.N | ||
| 100 | |a Rama, K | ||
| 100 | |a Kunhikannan, T P | ||
| 245 | |a Mayunna manjum mazhayum | ||
| 260 | |a Kottayam |b DC Books |c 2017 | ||
| 300 | |a 136P:21cm | ||
| 650 | |a Ecology | ||
| 942 | |c BK | ||
| 999 | |c 24404 |d 24404 | ||
| 952 | |0 0 |1 0 |4 0 |6 894_812400000000000_RAM_N |7 0 |9 26824 |a CAMPUS |b CAMPUS |d 2019-05-14 |l 0 |o 894.8124 RAM.N |p 27172 |r 2019-05-14 |w 2019-05-14 |y BK | ||